Philosopher by Most Well-Known Idea - Statistics

General Stats
  • This quiz has been taken 65 times
  • The average score is 8 of 15
Answer Stats
Hint Philosopher % Correct
I think, therefore I am Rene Descartes
98%
God is dead Friedrich Nietzsche
94%
Allegory of the cave Plato
94%
Right to life, liberty, and property John Locke
83%
Religion is the opium of the people. Karl Marx
83%
Invisible hand Adam Smith
69%
Best of all possible worlds Gottfried Leibniz
57%
The life of man [is] solitary, poor, nasty, brutish, and short. Thomas Hobbes
57%
There is but one truly serious philosophical problem, and that is suicide. Albert Camus
52%
Greatest good for greatest number of people Jeremy Bentham*
50%
Scientific method Francis Bacon
41%
If a tree falls in the forest... George Berkeley*
19%
We are condemned to be free Jean-Paul Sartre
15%
Here is one hand, and here is another. George Edward Moore
13%
More things should not be used than are necessary. William of Occam*
11%
No matching quizzes found
Score Distribution
Percent of People with Each Score
Percentile by Number Answered
Your Score History
You have not taken this quiz